[Event "XXXIV Festival A"]
[Site "Arco ITA"]
[Date "2012.10.15"]
[Round "3"]
[White "Burmakin, Vladimir"]
[Black "La Manna, Andrea"]
[WhiteElo "2579"]
[BlackElo "2193"]
[Result "1-0"]
[PlyCount "67"]
[EventDate "2012.10.13"]

1. d4 c5 2. d5 Nf6 3. g3 g6 4. Bg2 d6 5. a4 Bg7 6. e4 O-O 7. Ne2 Nbd7 8. O-O a6
9. c4 Rb8 10. Nbc3 Ne8 11. Qc2 Nc7 12. a5 b5 13. axb6 Nxb6 14. b3 e6 15. dxe6
fxe6 16. Bd2 d5 17. cxd5 exd5 18. Nxd5 Nbxd5 19. exd5 Bxa1 20. Rxa1 Qf6 21. Rf1
Bf5 22. Qxc5 Nb5 23. Nf4 Qd4 24. Be3 Qxc5 25. Bxc5 Rfe8 26. b4 Rbd8 27. Ra1 Kf7
28. h4 Bc8 29. Bf1 Bb7 30. Bc4 Nd6 31. Bb3 Ne4 32. d6+ Kf6 33. Bd4+ Kf5 34.
Ra5+ 1-0

[Event "XXXIV Festival A"]
[Site "Arco ITA"]
[Date "2012.10.15"]
[Round "3"]
[White "Burnier, David"]
[Black "Titz, Heimo"]
[WhiteElo "2313"]
[BlackElo "2168"]
[Result "1/2-1/2"]
[PlyCount "71"]
[EventDate "2012.10.13"]

1. e4 c5 2. Nf3 e6 3. d4 cxd4 4. Nxd4 Nc6 5. Nc3 Qc7 6. Be2 a6 7. O-O Nf6 8.
Be3 Bb4 9. Nxc6 bxc6 10. f4 Bxc3 11. bxc3 c5 12. e5 Nd5 13. Qd2 Nxe3 14. Qxe3
Bb7 15. Rad1 O-O 16. Rd6 Rfc8 17. f5 exf5 18. Bc4 Re8 19. Rxf5 Qxd6 20. Bxf7+
Kh8 21. Bxe8 Qe7 22. Bf7 g6 23. Rf6 Rf8 24. Qf4 Kg7 25. Bc4 Rxf6 26. exf6+ Qxf6
27. Qb8 Bc6 28. Qg8+ Kh6 29. h4 Bb5 30. Bd5 Qf1+ 31. Kh2 Qf4+ 32. Kg1 Qe3+ 33.
Kh2 Qf4+ 34. Kg1 Qe3+ 35. Kh2 Qf4+ 36. Kg1 1/2-1/2

[Event "XXXIV Festival A"]
[Site "Arco ITA"]
[Date "2012.10.15"]
[Round "3"]
[White "Casagrande, Fabio"]
[Black "Dieli, Riccardo"]
[WhiteElo "1981"]
[BlackElo "1839"]
[Result "0-1"]
[PlyCount "100"]
[EventDate "2012.10.13"]

1. e4 c5 2. Nc3 Nc6 3. f4 g6 4. Nf3 Bg7 5. Bb5 a6 6. Bxc6 dxc6 7. O-O Nf6 8. d3
O-O 9. Qe1 Qc7 10. Qh4 h5 11. f5 Nh7 12. Bf4 Qd7 13. Ne5 Qd4+ 14. Kh1 Bxe5 15.
fxg6 fxg6 16. Ne2 Qd6 17. Qg3 Bxf4 18. Nxf4 g5 19. e5 Qxe5 20. d4 cxd4 21. Qb3+
e6 22. Nxh5 Rxf1+ 23. Rxf1 Qe2 24. Ng3 Qe3 25. Qb4 Bd7 26. Re1 Qf4 27. Rf1 Qe5
28. Re1 a5 29. Qd2 Qg7 30. Nh5 Qf7 31. Ng3 Rf8 32. Qxa5 e5 33. Rg1 Qd5 34. Qe1
c5 35. c4 dxc3 36. bxc3 c4 37. Ne4 Bc6 38. Ng3 Rf4 39. Qb1 e4 40. Rd1 Qb5 41.
Qc2 Qc5 42. Qe2 b5 43. Qh5 Kg7 44. Qh3 Nf6 45. Qe6 e3 46. Rd8 Bxg2+ 47. Kxg2
Rg4 48. h3 Rxg3+ 49. Kxg3 Qc7+ 50. Kf3 Qxd8 0-1

[Event "XXXIV Festival A"]
[Site "Arco ITA"]
[Date "2012.10.15"]
[Round "3"]
[White "Catalfamo, Santo"]
[Black "Leone, Cataldo"]
[WhiteElo "1762"]
[BlackElo "1590"]
[Result "1-0"]
[PlyCount "83"]
[EventDate "2012.10.13"]

1. b3 e5 2. Bb2 Nc6 3. e3 d6 4. Bb5 Bd7 5. Ne2 Nf6 6. O-O a6 7. Bxc6 Bxc6 8. c4
Be7 9. d4 e4 10. d5 Bd7 11. Ng3 O-O 12. Nd2 c6 13. Ndxe4 Nxe4 14. Nxe4 cxd5 15.
Qd4 f6 16. Qxd5+ Kh8 17. Nxd6 Be8 18. Rad1 Qc7 19. Nxe8 Raxe8 20. Qd7 Qb6 21.
Rd5 a5 22. Rb5 Qd6 23. Rxb7 Qc5 24. g3 h6 25. a4 Qg5 26. Qb5 Qg4 27. Qxa5 h5
28. f3 Qh3 29. Rb5 g6 30. Qc7 Bd8 31. Qf4 Rf7 32. Rd1 Kg7 33. Bd4 Bc7 34. Qh4
Qe6 35. g4 Qc6 36. Kf2 Rh8 37. gxh5 Be5 38. Qe4 Qc7 39. Qxg6+ Kf8 40. Bc5+ Ke8
41. Bb6 Qc6 42. Rxe5+ 1-0

[Event "XXXIV Festival A"]
[Site "Arco ITA"]
[Date "2012.10.15"]
[Round "3"]
[White "Del Nevo, Claudio"]
[Black "Pomini, Aurelien"]
[WhiteElo "1821"]
[BlackElo "2012"]
[Result "1/2-1/2"]
[PlyCount "73"]
[EventDate "2012.10.13"]

1. d4 d5 2. Nf3 Nf6 3. Bg5 Nbd7 4. e3 c6 5. c3 g6 6. Bd3 Bg7 7. Qc2 O-O 8. Nbd2
b6 9. O-O-O c5 10. Bb5 Bb7 11. Bxd7 Nxd7 12. h4 f6 13. Bf4 e5 14. dxe5 fxe5 15.
Bg5 Bf6 16. Rdf1 e4 17. Bxf6 Rxf6 18. Ng5 Ba6 19. Qb3 c4 20. Qd1 Ne5 21. f3 Qe7
22. fxe4 Nd3+ 23. Kb1 Nf2 24. Qa4 Nxh1 25. Rxf6 Qxf6 26. Qd7 Rd8 27. Qxh7+ Kf8
28. Qxa7 Qe7 29. Qxa6 dxe4 30. Ndxe4 Qd7 31. Qa3+ Kg7 32. Nd2 Kh6 33. Ngf3 Qd3+
34. Kc1 Ng3 35. Qe7 Nf1 36. Qg5+ Kh7 37. Qe7+ 1/2-1/2

[Event "XXXIV Festival A"]
[Site "Arco ITA"]
[Date "2012.10.15"]
[Round "3"]
[White "Dittmar, Peter"]
[Black "Schaefer, Michael"]
[WhiteElo "2329"]
[BlackElo "2174"]
[Result "1-0"]
[PlyCount "83"]
[EventDate "2012.10.13"]

1. d4 d5 2. c4 e6 3. Nc3 Be7 4. cxd5 exd5 5. Bf4 c6 6. e3 Bf5 7. Bd3 Bxd3 8.
Qxd3 Nf6 9. Nf3 Nbd7 10. h3 O-O 11. O-O Ne8 12. Rab1 a5 13. Rfc1 Bd6 14. Ne2
Bxf4 15. Nxf4 Nd6 16. Qc2 Qe7 17. Nd3 Rfe8 18. Nc5 Nxc5 19. dxc5 Ne4 20. Nd4 a4
21. b4 axb3 22. axb3 g6 23. b4 Ra3 24. Ra1 Rc3 25. Qb2 Rc4 26. Rxc4 dxc4 27.
Qc2 c3 28. Rd1 Rd8 29. Ra1 f5 30. Ra7 Rd7 31. Ra8+ Kg7 32. f3 Rxd4 33. exd4 Nd2
34. Qc1 Qe3+ 35. Kh1 Qf2 36. d5 Nf1 37. Ra1 Ng3+ 38. Kh2 Ne2 39. Qe1 Qe3 40.
dxc6 bxc6 41. Ra2 Qf4+ 42. g3 1-0

[Event "XXXIV Festival A"]
[Site "Arco ITA"]
[Date "2012.10.15"]
[Round "3"]
[White "Dobboletta, Alex"]
[Black "De Eccher, Stefano"]
[WhiteElo "1995"]
[BlackElo "2230"]
[Result "0-1"]
[PlyCount "54"]
[EventDate "2012.10.13"]

1. e4 e5 2. Nf3 Nc6 3. Bb5 a6 4. Ba4 d6 5. d4 b5 6. Bb3 Nxd4 7. Nxd4 exd4 8. c3
d3 9. Qxd3 Bb7 10. O-O Nf6 11. Bg5 Be7 12. f4 Nxe4 13. Bxe7 Qxe7 14. Re1 d5 15.
Qd4 c5 16. Qxg7 O-O-O 17. Nd2 Rhg8 18. Qxh7 c4 19. Nxe4 dxe4 20. Bc2 Qc5+ 21.
Kh1 f5 22. b4 cxb3 23. Bxb3 Rxg2 24. Kxg2 Rd2+ 25. Kh3 Qxc3+ 26. Kh4 Rxh2+ 27.
Kg5 Qg3+ 0-1

[Event "XXXIV Festival A"]
[Site "Arco ITA"]
[Date "2012.10.15"]
[Round "3"]
[White "Drasko, Milan"]
[Black "Ager, Josef"]
[WhiteElo "2471"]
[BlackElo "2193"]
[Result "1/2-1/2"]
[PlyCount "111"]
[EventDate "2012.10.13"]

1. Nf3 Nf6 2. g3 g6 3. d4 Bg7 4. c4 O-O 5. Bg2 d6 6. O-O Nc6 7. Nc3 a6 8. d5
Na5 9. b3 Rb8 10. Bd2 c5 11. dxc6 Nxc6 12. Rc1 Bf5 13. Bg5 Ne4 14. Nxe4 Bxe4
15. Qd2 Re8 16. h4 Qc7 17. h5 Rbd8 18. Bh6 Qa5 19. Qxa5 Nxa5 20. Bxg7 Kxg7 21.
hxg6 hxg6 22. Ng5 Bxg2 23. Kxg2 Nc6 24. f4 Rh8 25. Rh1 Rc8 26. Kf2 f6 27. Rxh8
Rxh8 28. Nf3 Kf7 29. a3 a5 30. e4 Ke6 31. Rd1 Kf7 32. Kg2 Rh5 33. Rd5 Rxd5 34.
cxd5 Nb8 35. Nd4 Na6 36. Kf3 Nc5 37. Ke3 e5 38. dxe6+ Nxe6 39. Nb5 Ke7 40. b4
axb4 41. axb4 f5 42. Kf3 Nd8 43. Nc3 Nc6 44. Nd5+ Ke6 45. Ke3 Na7 46. Kd3 Nb5
47. Ne3 fxe4+ 48. Kxe4 Nc3+ 49. Kd3 Nb5 50. g4 d5 51. Nc2 Nd6 52. Nd4+ Kf6 53.
Nf3 Nb5 54. Nd4 Nd6 55. Nf3 Nb5 56. Nd4 1/2-1/2

[Event "XXXIV Festival A"]
[Site "Arco ITA"]
[Date "2012.10.15"]
[Round "3"]
[White "Espinosa Cancino, Cristina"]
[Black "Blasco, Domenico"]
[WhiteElo "1479"]
[BlackElo "1920"]
[Result "1/2-1/2"]
[PlyCount "91"]
[EventDate "2012.10.13"]

1. e4 g6 2. d4 Bg7 3. Nf3 d6 4. Bc4 e6 5. Nc3 Ne7 6. Bb3 Nd7 7. Be3 b6 8. Qd2
h6 9. O-O-O Bb7 10. h4 Nf6 11. e5 dxe5 12. dxe5 Qxd2+ 13. Rxd2 Nfd5 14. Nxd5
Nxd5 15. Ba4+ c6 16. Re1 Ke7 17. c3 Rhd8 18. Nd4 b5 19. Bc2 a6 20. f4 Nxe3 21.
Rxe3 c5 22. Nf3 Rxd2 23. Kxd2 Rd8+ 24. Ke2 Bxf3+ 25. Rxf3 Kd7 26. Rd3+ Ke7 27.
Rxd8 Kxd8 28. g3 Kc7 29. Ke3 Kb6 30. b3 Bf8 31. g4 Be7 32. h5 gxh5 33. gxh5 c4
34. Bh7 f6 35. exf6 Bxf6 36. Kd2 Kc5 37. Be4 a5 38. Bc2 Bh4 39. Ke2 Bg3 40. f5
exf5 41. Bxf5 Bf4 42. Kd1 Bg5 43. Kc2 Bf6 44. Bg6 Be5 45. Bf5 Bf4 46. Bg6
1/2-1/2

[Event "XXXIV Festival A"]
[Site "Arco ITA"]
[Date "2012.10.15"]
[Round "3"]
[White "Espinosa Cancino, Miguel"]
[Black "Pipitone, Antonio"]
[WhiteElo "1696"]
[BlackElo "1940"]
[Result "1-0"]
[PlyCount "115"]
[EventDate "2012.10.13"]

1. d4 Nf6 2. Nf3 g6 3. c4 c5 4. e3 Bg7 5. Nc3 cxd4 6. exd4 O-O 7. Be2 d6 8. O-O
Nbd7 9. Qc2 a6 10. Rd1 Qc7 11. Bf4 e5 12. Bg3 Re8 13. d5 Nh5 14. Ng5 Nxg3 15.
hxg3 h6 16. Nf3 Nc5 17. Nh4 e4 18. b4 Nd7 19. g4 Nf6 20. f3 exf3 21. gxf3 Qb6+
22. Kg2 Qe3 23. Rd3 Qg5 24. Rh1 Bxg4 25. fxg4 Nxg4 26. Bxg4 Bxc3 27. Rg3 Be5
28. Nf3 Qf4 29. Nxe5 Rxe5 30. Rf1 Qe4+ 31. Qxe4 Rxe4 32. c5 Rxb4 33. cxd6 Rd4
34. Rd1 Rxd1 35. Bxd1 Rd8 36. Bb3 Rxd6 37. Rc3 Rd7 38. Kf3 Kg7 39. Ke4 Kf6 40.
Rf3+ Kg7 41. Ke5 h5 42. d6 h4 43. Rc3 Rd8 44. Rc7 Rf8 45. d7 Rd8 46. Kd6 h3 47.
Bd5 Kf6 48. Rc8 Rxd7+ 49. Kxd7 g5 50. Bxb7 g4 51. Rg8 Kf5 52. Rg7 f6 53. Ke7
Kf4 54. Kxf6 g3 55. Ke6 a5 56. a4 g2 57. Bxg2 hxg2 58. Rxg2 1-0

[Event "XXXIV Festival A"]
[Site "Arco ITA"]
[Date "2012.10.15"]
[Round "3"]
[White "Espinosa Cancino, Monica"]
[Black "Bergen, Klaus"]
[WhiteElo "1530"]
[BlackElo "1927"]
[Result "0-1"]
[PlyCount "110"]
[EventDate "2012.10.13"]

1. d4 Nf6 2. c4 g6 3. Nc3 Bg7 4. Bf4 d6 5. Rc1 O-O 6. e3 Nbd7 7. Nf3 Nh5 8. Bg3
Nxg3 9. hxg3 e5 10. Be2 c6 11. Rh4 f5 12. dxe5 dxe5 13. Rc2 Qe7 14. Rd2 e4 15.
Nd4 Ne5 16. Qc2 Be6 17. Nxe6 Qxe6 18. Qb3 Bf6 19. Rh1 b6 20. Nb1 Rfd8 21. f3
Rxd2 22. Nxd2 Nd7 23. Kf2 Nc5 24. Qc2 Rd8 25. b4 Nd3+ 26. Bxd3 Rxd3 27. f4 Qd6
28. Nb1 Qxb4 29. Rc1 Qc5 30. Qe2 b5 31. Nd2 Rc3 32. Nb3 Qxc4 33. Qxc4+ Rxc4 34.
Rd1 Rc2+ 35. Rd2 Rxd2+ 36. Nxd2 Kf7 37. Nb3 Ke7 38. Ke2 Kd6 39. Kd2 Kd5 40. Kc2
c5 41. a3 Bd8 42. Kc3 a5 43. Nd2 a4 44. Kb2 Ba5 45. Nb1 Kc4 46. Kc2 Be1 47. Kd1
Bxg3 48. Kc2 b4 49. Kb2 Kd3 50. Kc1 Kxe3 51. Kc2 Bxf4 52. Kb2 Kd3 53. axb4 cxb4
54. Ka2 e3 55. Kb2 e2 0-1

[Event "XXXIV Festival A"]
[Site "Arco ITA"]
[Date "2012.10.15"]
[Round "3"]
[White "Facchetti, Gianni"]
[Black "Di Lazzaro, Gabriele"]
[WhiteElo "2087"]
[BlackElo "1888"]
[Result "1-0"]
[PlyCount "107"]
[EventDate "2012.10.13"]

1. e4 c5 2. Nf3 g6 3. d4 cxd4 4. Qxd4 Nf6 5. e5 Nc6 6. Qa4 Nd5 7. Qe4 Ndb4 8.
Bb5 Bg7 9. O-O O-O 10. c3 Qb6 11. Na3 Na6 12. Be3 Qc7 13. Bxa6 bxa6 14. Bf4 Bb7
15. Qe3 Qb6 16. Nc4 Qxe3 17. Bxe3 a5 18. Rfd1 Ba6 19. Na3 Rfd8 20. Bf4 Be2 21.
Re1 Bxf3 22. gxf3 Rab8 23. Nc4 Rb7 24. Rad1 a4 25. Rd5 e6 26. Rd2 h6 27. Re4
Rdb8 28. Rde2 Bf8 29. Bc1 Kg7 30. Ne3 h5 31. f4 Ne7 32. Rxa4 Nc6 33. Nc4 Bc5
34. Be3 Bxe3 35. fxe3 Rb5 36. b3 Rd5 37. Rd2 Rxd2 38. Nxd2 Rb5 39. Kf2 Rb7 40.
Nf3 Rc7 41. c4 Rb7 42. Nd4 Nxd4 43. exd4 f6 44. Ke3 h4 45. exf6+ Kxf6 46. Ra5
d6 47. Kf3 Rf7 48. Kg4 Kg7 49. Ra6 e5 50. dxe5 dxe5 51. fxe5 Re7 52. e6 Kf6 53.
Kxh4 Kf5 54. Kg3 1-0

[Event "XXXIV Festival A"]
[Site "Arco ITA"]
[Date "2012.10.15"]
[Round "3"]
[White "Fuggetta, Leonardo"]
[Black "Burani, Eugenio"]
[WhiteElo "2017"]
[BlackElo "1863"]
[Result "1-0"]
[PlyCount "97"]
[EventDate "2012.10.13"]

1. d4 Nf6 2. Nf3 c5 3. c3 b6 4. Bg5 Ne4 5. Bh4 h6 6. e3 g5 7. Bg3 Bb7 8. Be5
Rg8 9. Bxb8 Qxb8 10. Nbd2 g4 11. Ne5 Nxd2 12. Qxd2 d6 13. Bb5+ Kd8 14. Nc6+
Bxc6 15. Bxc6 a5 16. Bxa8 Qxa8 17. dxc5 Qxg2 18. O-O-O bxc5 19. Rdg1 Qc6 20. c4
Qa4 21. Kb1 Rg6 22. Qc2 Qb4 23. Qc3 Qb6 24. Qb3 Qxb3 25. axb3 h5 26. h3 Bg7 27.
hxg4 hxg4 28. Kc2 Kc7 29. Rg2 f5 30. Rhg1 Re6 31. Rh1 Bf6 32. Rh5 f4 33. Kd3 g3
34. exf4 gxf2 35. Rxf2 Bd4 36. Re2 Rxe2 37. Kxe2 Bxb2 38. Kd3 Bf6 39. Ke4 Kb6
40. Kd5 a4 41. bxa4 Ka5 42. Rh1 Kxa4 43. Rb1 Bh4 44. Ke6 Bf6 45. Rb7 Bh4 46. f5
Bg5 47. Rxe7 Kb4 48. Rg7 Be3 49. Kd5 1-0

[Event "XXXIV Festival A"]
[Site "Arco ITA"]
[Date "2012.10.15"]
[Round "3"]
[White "Gardini, Enrico"]
[Black "Cautiero, Pietro"]
[WhiteElo "1807"]
[BlackElo "1714"]
[Result "1-0"]
[PlyCount "69"]
[EventDate "2012.10.13"]

1. c4 e6 2. Nc3 d5 3. cxd5 exd5 4. d4 Nf6 5. Bg5 Be7 6. Nf3 O-O 7. g3 Be6 8.
Bg2 h6 9. Bf4 c6 10. O-O Nbd7 11. Qc2 Nb6 12. Rad1 Bd6 13. Bxd6 Qxd6 14. Ne5
Rad8 15. Na4 Nxa4 16. Qxa4 a6 17. Nd3 Bc8 18. Qa5 Rfe8 19. Rfe1 Re7 20. e3 Rde8
21. Nc5 Qb8 22. Qb6 Nd7 23. Nxd7 Bxd7 24. Rd3 Bc8 25. Rb3 Qd6 26. Rc3 Bf5 27.
Rc5 Bc8 28. Bxd5 Bh3 29. Bg2 Bg4 30. h3 Be6 31. a4 f5 32. d5 Bd7 33. dxc6 bxc6
34. Bxc6 Rc8 35. Bd5+ 1-0

[Event "XXXIV Festival A"]
[Site "Arco ITA"]
[Date "2012.10.15"]
[Round "3"]
[White "Goli, Daniele"]
[Black "Trauth, Michael"]
[WhiteElo "1986"]
[BlackElo "2159"]
[Result "0-1"]
[PlyCount "80"]
[EventDate "2012.10.13"]

1. d4 Nf6 2. c4 c5 3. e3 g6 4. Nc3 Bg7 5. Nf3 O-O 6. Be2 cxd4 7. exd4 d5 8. Ne5
Be6 9. Bf3 Nc6 10. cxd5 Nxd5 11. Nxc6 bxc6 12. O-O Qb6 13. Bg5 Rfe8 14. Qd2
Qxd4 15. Rad1 Qxd2 16. Rxd2 h6 17. Bh4 g5 18. Bg3 Rac8 19. h4 Nxc3 20. bxc3
Bxc3 21. Rc2 Bf6 22. hxg5 hxg5 23. Bxc6 Bxa2 24. Rfc1 Bb3 25. Rc5 Red8 26. Bf3
Be6 27. Kh2 Kg7 28. Bb7 Rxc5 29. Rxc5 Rd2 30. Ra5 Ra2 31. Ra6 Rxa6 32. Bxa6 Bd4
33. f3 Kf6 34. f4 gxf4 35. Bxf4 Be5 36. Kg3 Bd5 37. Bf1 Ke6 38. Bxe5 Kxe5 39.
Ba6 Kd4 40. Kf2 Bc4 0-1

[Event "XXXIV Festival A"]
[Site "Arco ITA"]
[Date "2012.10.15"]
[Round "3"]
[White "Joerges, Frank"]
[Black "Vezzosi, Paolo"]
[WhiteElo "1915"]
[BlackElo "2308"]
[Result "0-1"]
[PlyCount "66"]
[EventDate "2012.10.13"]

1. d4 Nf6 2. c4 e6 3. Nf3 c5 4. Nc3 cxd4 5. Nxd4 Bb4 6. Bd2 O-O 7. g3 Nc6 8.
Nxc6 bxc6 9. Bg2 Ba6 10. b3 d5 11. cxd5 cxd5 12. a3 Bd6 13. O-O Rc8 14. b4 Qd7
15. Re1 Be5 16. Rc1 Rc7 17. e4 Rfc8 18. Na4 Rxc1 19. Bxc1 dxe4 20. Qxd7 Nxd7
21. Bxe4 Bb5 22. Bb7 Rc7 23. Nc5 Nxc5 24. bxc5 f6 25. c6 Bxc6 26. Bxc6 Rxc6 27.
Be3 Ra6 28. Bc5 Bc7 29. Kg2 e5 30. Rc1 Kf7 31. g4 Rc6 32. Kf3 Ke6 33. Ke4 Bb6
0-1

[Event "XXXIV Festival A"]
[Site "Arco ITA"]
[Date "2012.10.15"]
[Round "3"]
[White "Kierzek, Matthias"]
[Black "Barlocco, Carlo"]
[WhiteElo "2191"]
[BlackElo "2086"]
[Result "1-0"]
[PlyCount "79"]
[EventDate "2012.10.13"]

1. d4 d5 2. c4 Nc6 3. Nc3 dxc4 4. Nf3 Bg4 5. d5 Bxf3 6. exf3 Ne5 7. Bf4 Nd3+ 8.
Bxd3 cxd3 9. Qb3 Nf6 10. Qxb7 Rb8 11. Qc6+ Qd7 12. Qxd7+ Kxd7 13. O-O-O g6 14.
Rxd3 Bg7 15. Be5 Rb4 16. Kc2 Rhb8 17. b3 Bf8 18. Re1 Ne8 19. Ne4 R4b5 20. a4
R5b6 21. Bd4 f5 22. Nc5+ Kc8 23. Ne6 Bh6 24. Bxb6 axb6 25. Nd4 Bg5 26. Nc6 Ra8
27. Nxe7+ Kd7 28. Nc6 Nd6 29. f4 Bf6 30. Re6 Rf8 31. Rh3 Rf7 32. Ne5+ Bxe5 33.
fxe5 Ne4 34. Rxg6 Re7 35. Re6 Rg7 36. Rc6 Nxf2 37. Rhc3 Kd8 38. g3 Ng4 39. d6
Nxe5 40. dxc7+ 1-0

[Event "XXXIV Festival A"]
[Site "Arco ITA"]
[Date "2012.10.15"]
[Round "3"]
[White "Kveinys, Aloyzas"]
[Black "Bernardi, Ruben"]
[WhiteElo "2526"]
[BlackElo "2114"]
[Result "1-0"]
[PlyCount "81"]
[EventDate "2012.10.13"]

1. d4 Nf6 2. Nf3 c5 3. d5 b5 4. Bg5 d6 5. Bxf6 exf6 6. e4 a6 7. a4 b4 8. a5 Nd7
9. Be2 g6 10. Nbd2 Bg7 11. Nc4 Qc7 12. Nfd2 O-O 13. O-O Bb7 14. f4 Rae8 15. Bf3
f5 16. exf5 gxf5 17. Kh1 Re7 18. Re1 Rfe8 19. Rxe7 Rxe7 20. Nf1 Bc8 21. Ng3 Nf8
22. Qd3 Ng6 23. Nxf5 Bxf5 24. Qxf5 Nh4 25. Qg4 Nxf3 26. gxf3 Qd7 27. f5 f6 28.
Rg1 Kf8 29. Qf4 Re2 30. b3 Qe7 31. h4 Rxc2 32. Nxd6 Qe5 33. Qxe5 fxe5 34. Ne4
Bh6 35. d6 Bf4 36. Rd1 Ke8 37. d7+ Kd8 38. f6 Rc1 39. Rxc1 Bxc1 40. f7 Bh6 41.
Nxc5 1-0

[Event "XXXIV Festival A"]
[Site "Arco ITA"]
[Date "2012.10.15"]
[Round "3"]
[White "Maddaloni, Giovanni"]
[Black "Aigner, Georg"]
[WhiteElo "1762"]
[BlackElo "1989"]
[Result "0-1"]
[PlyCount "111"]
[EventDate "2012.10.13"]

1. e4 e5 2. Nf3 Nc6 3. Bb5 a6 4. Ba4 Nf6 5. O-O b5 6. Bb3 Be7 7. d3 d6 8. c3
O-O 9. h3 Na5 10. Bc2 c5 11. Nbd2 Nc6 12. Re1 Re8 13. Nf1 h6 14. a4 b4 15. Ne3
Bf8 16. Nc4 Be6 17. Bd2 Rb8 18. Nh2 d5 19. exd5 Bxd5 20. Ne3 Be6 21. Nhg4 Be7
22. Qf3 Qd7 23. Nxf6+ Bxf6 24. Qe4 b3 25. Bb1 Ne7 26. d4 cxd4 27. Qh7+ Kf8 28.
cxd4 exd4 29. Ng4 Bxg4 30. hxg4 Ng8 31. Bd3 Rxe1+ 32. Bxe1 Qd6 33. Bd2 Be5 34.
Qf5 Ne7 35. Qe4 Ng6 36. Rc1 Re8 37. Qb7 Qf6 38. g3 Bd6 39. Rc8 Qe7 40. Qxe7+
Bxe7 41. Rxe8+ Kxe8 42. Bxa6 Ne5 43. Bb5+ Kd8 44. a5 Bc5 45. Bf4 f6 46. Bxe5
fxe5 47. Kf1 Kc7 48. Ke2 Kd6 49. Kd2 Kd5 50. Ba4 Bd6 51. Bxb3+ Kc5 52. a6 Kb6
53. Bd5 Kxa6 54. Kc2 Kb6 55. f4 Bb8 56. f5 0-1

[Event "XXXIV Festival A"]
[Site "Arco ITA"]
[Date "2012.10.15"]
[Round "3"]
[White "Martinez, Guido"]
[Black "Gulinelli, Euro"]
[WhiteElo "1843"]
[BlackElo "1633"]
[Result "0-1"]
[PlyCount "59"]
[EventDate "2012.10.13"]

1. e4 c6 2. d4 d5 3. e5 Bf5 4. f4 e6 5. Nf3 Bg4 6. Bd3 Nd7 7. Be3 Ne7 8. Nbd2
Qb6 9. Nb3 h6 10. h3 Bxf3 11. Qxf3 a5 12. a4 Ng8 13. O-O O-O-O 14. f5 exf5 15.
Bxf5 Kb8 16. Bf4 Ka8 17. Bg3 g6 18. Bxd7 Rxd7 19. e6 Rd8 20. exf7 Ne7 21. Rae1
Qb4 22. Bc7 Rd7 23. Bh2 Ka7 24. Kh1 Nf5 25. Re8 Rxf7 26. Qe2 Bg7 27. Rxh8 Bxh8
28. Qd1 Ne3 29. Qe2 Rxf1+ 30. Bg1 0-1

[Event "XXXIV Festival A"]
[Site "Arco ITA"]
[Date "2012.10.15"]
[Round "3"]
[White "Medancic, Rikard"]
[Black "Oppici, Gabriele"]
[WhiteElo "2234"]
[BlackElo "1961"]
[Result "1-0"]
[PlyCount "71"]
[EventDate "2012.10.13"]

1. d4 Nc6 2. c4 e5 3. d5 Nce7 4. Nc3 Ng6 5. e4 Nf6 6. Be3 Bb4 7. f3 Bxc3+ 8.
bxc3 d6 9. c5 O-O 10. Qa4 Nd7 11. c6 Nb6 12. cxb7 Bxb7 13. Qc2 c6 14. c4 cxd5
15. cxd5 Rc8 16. Qb3 Ba8 17. Nh3 Rb8 18. Qc2 Rc8 19. Qd2 Qc7 20. Be2 Qc3 21.
Qxc3 Rxc3 22. Kd2 Ra3 23. Rhc1 Rb8 24. Rc2 Ne7 25. Nf2 Rc8 26. Rac1 Rxc2+ 27.
Rxc2 Kf8 28. Nd1 Nec8 29. Nc3 Bb7 30. Nb5 Ra5 31. Rb2 Ba6 32. h4 Ke7 33. Nxa7
Bxe2 34. Nxc8+ Nxc8 35. Kxe2 Na7 36. Rb7+ 1-0

[Event "XXXIV Festival A"]
[Site "Arco ITA"]
[Date "2012.10.15"]
[Round "3"]
[White "Mombelli, Antonio"]
[Black "De Simone Sorrentino, Fabio"]
[WhiteElo "1799"]
[BlackElo "1703"]
[Result "1-0"]
[PlyCount "65"]
[EventDate "2012.10.13"]

1. e4 e6 2. d4 d5 3. e5 c5 4. c3 Qb6 5. Nf3 Nc6 6. a3 c4 7. Nbd2 Nge7 8. Bxc4
dxc4 9. Nxc4 Qc7 10. Nd6+ Kd7 11. Nxf7 Rg8 12. O-O Nd8 13. N7g5 h6 14. Ne4 Nd5
15. Qd3 Nb6 16. Nc5+ Ke8 17. b4 Bxc5 18. bxc5 Nd5 19. c4 Ne7 20. Nd2 Ndc6 21.
Ne4 Kf8 22. Qf3+ Nf5 23. Be3 Qf7 24. Rad1 Na5 25. Qe2 Bd7 26. d5 Ba4 27. Rd2
Bb3 28. Rc1 exd5 29. cxd5 Bxd5 30. Nd6 Nxd6 31. cxd6 Nb3 32. Rc7 Qg6 33. Rxd5
1-0

[Event "XXXIV Festival A"]
[Site "Arco ITA"]
[Date "2012.10.15"]
[Round "3"]
[White "Mumelter, Igor"]
[Black "Kierzek, Mira"]
[WhiteElo "1837"]
[BlackElo "2018"]
[Result "1/2-1/2"]
[PlyCount "81"]
[EventDate "2012.10.13"]

1. e4 d6 2. d4 Nf6 3. Nc3 g6 4. Be3 Bg7 5. Qd2 b6 6. Bh6 O-O 7. Bxg7 Kxg7 8.
O-O-O c5 9. dxc5 bxc5 10. e5 Ne8 11. exd6 Nxd6 12. Ne4 Nxe4 13. Qxd8 Rxd8 14.
Rxd8 Nc6 15. Rxc8 Rxc8 16. Nh3 Rb8 17. Bd3 Nd6 18. c3 e6 19. Re1 Kf6 20. f3 Ne5
21. Bf1 h6 22. Nf2 Rb7 23. Ne4+ Nxe4 24. Rxe4 Rc7 25. b3 Nd7 26. Kc2 Nb6 27.
Bb5 Ke7 28. a4 Nc8 29. Rh4 h5 30. Re4 Nd6 31. Re2 Kf6 32. Rd2 Ke7 33. Rd1 Nf5
34. Rd2 Ne3+ 35. Kd3 Nd5 36. Kc2 Nb6 37. Rd1 Nd5 38. Rd2 Ne3+ 39. Kd3 Nf5 40.
Kc2 Nd6 41. Rd1 1/2-1/2

[Event "XXXIV Festival A"]
[Site "Arco ITA"]
[Date "2012.10.15"]
[Round "3"]
[White "Overney, Luca"]
[Black "Bruno, Elio"]
[WhiteElo "1788"]
[BlackElo "1618"]
[Result "1-0"]
[PlyCount "81"]
[EventDate "2012.10.13"]

1. d4 g6 2. c4 Bg7 3. Nc3 Nf6 4. e4 d6 5. Be2 O-O 6. Bg5 e5 7. dxe5 dxe5 8.
Qxd8 Rxd8 9. Nd5 Nbd7 10. Nxc7 Rb8 11. O-O-O h6 12. Be3 b6 13. f3 Bb7 14. Nd5
Nxd5 15. cxd5 f5 16. Nh3 fxe4 17. fxe4 Nf6 18. Nf2 Nd7 19. Nd3 Ba6 20. Rd2 h5
21. Kb1 Bf8 22. Rc1 Bxd3+ 23. Bxd3 Nc5 24. Bc2 a5 25. Rf1 Kg7 26. Rdf2 Rd7 27.
Bg5 Bd6 28. a3 a4 29. Be3 b5 30. Rf6 Rbb7 31. Rxd6 Rxd6 32. Bxc5 Rdd7 33. Bd3
Kh6 34. Rf6 Kg5 35. Re6 Kf4 36. Rxg6 Rdc7 37. Rf6+ Kg5 38. Rf5+ Kg6 39. Be3 Rf7
40. Rxf7 Rxf7 41. Bxb5 1-0

[Event "XXXIV Festival A"]
[Site "Arco ITA"]
[Date "2012.10.15"]
[Round "3"]
[White "Pedrotti, Luciano"]
[Black "Ebeling, Jens"]
[WhiteElo "1811"]
[BlackElo "2011"]
[Result "0-1"]
[PlyCount "142"]
[EventDate "2012.10.13"]

1. e4 g6 2. d4 Bg7 3. Nf3 d6 4. c3 Nc6 5. Bb5 Bd7 6. O-O Nf6 7. Re1 O-O 8. Nbd2
a6 9. Bd3 e5 10. d5 Ne7 11. Nf1 Nh5 12. Ng3 Nxg3 13. fxg3 h6 14. Be3 f5 15.
exf5 gxf5 16. Bc4 Ng6 17. Qd2 f4 18. gxf4 Nxf4 19. Bxf4 Rxf4 20. Bb3 Qf6 21.
Bc2 Rf8 22. Be4 h5 23. Qd3 Bh6 24. Rf1 h4 25. h3 Kh8 26. Nh2 Qg7 27. Rxf4 Rxf4
28. Rf1 Qg3 29. Rxf4 Qxf4 30. Nf1 Kg7 31. Bh7 Qf6 32. Be4 Bb5 33. c4 Be8 34.
Qf3 Qxf3 35. Bxf3 Bg6 36. Kf2 Bc1 37. b3 Bb1 38. Ne3 Bxe3+ 39. Kxe3 Bxa2 40.
Bd1 Bb1 41. Kf3 a5 42. Kg4 Be4 43. Kxh4 Bxg2 44. Bc2 Bf1 45. Kg3 b6 46. h4 a4
47. Kf2 axb3 48. Bxb3 Bd3 49. Ke3 Bg6 50. Bd1 Kh6 51. Bg4 Bh5 52. Bd7 Bd1 53.
Be8 Bc2 54. Bf7 Bb3 55. Kd3 Bd1 56. Kd2 Bh5 57. Be6 Be8 58. Bg4 Ba4 59. Kc3 Be8
60. Kd2 c6 61. Bf3 cxd5 62. cxd5 Bh5 63. Be4 Bg4 64. Kc3 Kh5 65. Bd3 Kxh4 66.
Kb4 Bd7 67. Ba6 e4 68. Kc3 Kg3 69. Kd4 Kf3 70. Kc3 e3 71. Bd3 Kf2 0-1

[Event "XXXIV Festival A"]
[Site "Arco ITA"]
[Date "2012.10.15"]
[Round "3"]
[White "Perich, Stefano"]
[Black "Rizzo, Giuseppe"]
[WhiteElo "1871"]
[BlackElo "1761"]
[Result "1/2-1/2"]
[PlyCount "25"]
[EventDate "2012.10.13"]

1. d4 Nf6 2. Nf3 g6 3. c4 Bg7 4. Nc3 d5 5. cxd5 Nxd5 6. e4 Nxc3 7. bxc3 c5 8.
Be3 O-O 9. Qd2 cxd4 10. cxd4 Nc6 11. Be2 b6 12. O-O Bb7 13. Rac1 1/2-1/2

[Event "XXXIV Festival A"]
[Site "Arco ITA"]
[Date "2012.10.15"]
[Round "3"]
[White "Pieri, Enzo"]
[Black "Moratto, Davide"]
[WhiteElo "1740"]
[BlackElo "1854"]
[Result "1-0"]
[PlyCount "55"]
[EventDate "2012.10.13"]

1. d4 Nf6 2. c4 c5 3. d5 e6 4. Nc3 exd5 5. cxd5 d6 6. e4 g6 7. Nf3 Bg7 8. Be2
Bg4 9. O-O O-O 10. h3 Bxf3 11. Bxf3 Re8 12. Rb1 a6 13. b4 b5 14. a4 cxb4 15.
Rxb4 Qa5 16. Qb3 Nbd7 17. axb5 Nc5 18. Qb1 Nfd7 19. Bd2 axb5 20. Nxb5 Qa6 21.
Nc7 Qd3 22. Nxa8 Qxd2 23. Nb6 Ne5 24. Bd1 Ned3 25. Rb5 Bd4 26. Qc2 Nxf2 27.
Qxd2 Nfxe4+ 28. Qxd4 1-0